Maktubat-I Imam Rabbani (V--3) : /مکتوبات امام ربانی مجدد الف ثانی (Record no. 26034)
[ view plain ]
| 000 -LEADER | |
|---|---|
| fixed length control field | 00587nam a22001937a 4500 |
| 003 - CONTROL NUMBER IDENTIFIER | |
| control field | BDDh-ASL |
| 005 - DATE AND TIME OF LATEST TRANSACTION | |
| control field | 20231015030605.0 |
| 008 - FIXED-LENGTH DATA ELEMENTS--GENERAL INFORMATION | |
| fixed length control field | 210924n pk ||||| |||| 00| 0 u d |
| 040 ## - CATALOGING SOURCE | |
| Original cataloging agency | BDDh-ASL |
| Transcribing agency | BDDh-ASL |
| 082 ## - DEWEY DECIMAL CLASSIFICATION NUMBER | |
| Classification number | 234163 |
| Item number | ALM |
| 245 00 - TITLE STATEMENT | |
| Title | Maktubat-I Imam Rabbani (V--3) : /مکتوبات امام ربانی مجدد الف ثانی |
| 246 ## - VARYING FORM OF TITLE | |
| Title proper/short title | Maktubat-I Imam Rabbani |
| 260 ## - PUBLICATION, DISTRIBUTION, ETC. | |
| Place of publication, distribution, etc. | Lahore : |
| Name of publisher, distributor, etc. | Manjil-I Naqshabandiya , |
| 300 ## - PHYSICAL DESCRIPTION | |
| Extent | 352 p. : |
| Dimensions | 24 cm. |
| 505 ## - FORMATTED CONTENTS NOTE | |
| Miscellaneous information | Partly Worm-eaten |
| 650 #0 - SUBJECT ADDED ENTRY--TOPICAL TERM | |
| 9 (RLIN) | 4096 |
| Topical term or geographic name entry element | Theology |
| 700 1# - ADDED ENTRY--PERSONAL NAME | |
| 9 (RLIN) | 4550 |
| Personal name | Alimuddin, Kazi |
| 942 ## - ADDED ENTRY ELEMENTS (KOHA) | |
| Source of classification or shelving scheme | Dewey Decimal Classification |
| Koha item type | Books |
| Withdrawn status | Lost status | Source of classification or shelving scheme | Damaged status | Not for loan | Collection code | Home library | Current library | Shelving location | Date acquired | Source of acquisition | Serial Enumeration / chronology | Total Checkouts | Full call number | Barcode | Date last seen | Copy number | Price effective from | Koha item type |
|---|---|---|---|---|---|---|---|---|---|---|---|---|---|---|---|---|---|---|
| Dewey Decimal Classification | Non-fiction | Asiatic Society Library | Asiatic Society Library | General Stacks | 09/24/2021 | ASB Library Collection | U-0052 | 234163 ALM | 111967 | 09/24/2021 | C-1 | 09/24/2021 | Books |